| 000 | 00832nam a22002297a 4500 | ||
|---|---|---|---|
| 999 |
_c5203 _d5203 |
||
| 003 | AR-CdUCM | ||
| 008 | 190312b ||||| |||| 00| 0 spa d | ||
| 040 |
_aMUNICIPALIDAD PROVINCIAL DEL CUSCO _cBIBLIOTECA MUNICIPAL DEL CUSCO |
||
| 082 |
_a170 / _bD65 |
||
| 100 |
_aDewey, John _96029 |
||
| 245 | _aTeoría de la Vida Moral / | ||
| 260 |
_aMéxico : _bHerrero Hermano, Sucs. ; _c1965. |
||
| 300 |
_a213 páginas ; _c21cm |
||
| 505 | _aContenido: Naturaleza de la teoría moral -- Fines, el bien y la sabiduría -- Rectitud, deber y lealtad -- La norma de aprobación y la virtud -- El yo moral... | ||
| 650 |
_aMoral _94056 |
||
| 650 |
_aTeoría moral _915780 |
||
| 650 |
_aJuicio _915781 |
||
| 650 |
_aConocimiento _95704 |
||
| 700 |
_aCastillo Dibildox, Rafael (traducción) _915782 |
||
| 942 |
_2ddc _cLIBROS |
||
| 945 | _anom | ||